Кубински приказки (Запис номер 145553)
[ съкратено ]
| 000 -Лидер | |
|---|---|
| Контролно поле с фиксирана дължина | nam a22 a 4500 |
| 003 - Код на организацията, давaща контролен номер | |
| Контролно поле | BLK |
| 005 - Дата и час на последна редакция | |
| Контролно поле | 20230127115914.0 |
| 008 - Елементи от данни с фиксирана дължина | |
| fixed length control field | 180410b bul|||||r ||||||| ||bul|| |
| 010 ## - Наследен системен номер | |
| LC control number | KNG00151734000 |
| 040 ## - Източник на каталожния запис | |
| Идентификатор на билиотеката - собственик на записа | BLK |
| 041 ## - Код за език | |
| Код за езика на текст/звукозапис или на отделно заглавие | Български |
| Код за езика КДБФ | Български |
| 080 ## - УДК | |
| Текстов определител УДК | Кубинска литература |
| УДК код - определител по УДК | 821.134.2(729.1) |
| УДК определител | -93-34 |
| УДК - код + определител | 821.134.2(729.1)-93-34 |
| 100 1# - Редна дума - Автор | |
| Автор | Елисагарай, Алга Марина |
| Авторска отговорност | първи автор |
| R(LIN) | 67003 |
| 139 ## - Редно поле | |
| Редна дума | Елисагарай, Алга Марина |
| Авторски знак | Елин Пелин - Е 53 |
| 245 10 - Сведения за заглавието | |
| Заглавие | Кубински приказки |
| Подзаглавни данни | За деца |
| Редно поле (дума) | Алга Марина Елисагарай; прев. от исп. Стела Атанасова; худож. Весела Бракалова. |
| 250 ## - Област на изданието | |
| Сведения за изданието | 2. изд. |
| 257 ## - Страна на издаване | |
| Страна на създаване/издаване | Куба |
| 260 ## - Област на издателските данни | |
| Място на издаване, разпространение и проч. | София |
| Име на издателя, разпространителя и проч. | Отечество |
| Година на издаване | 1987 |
| 300 ## - Физическа характеристика | |
| Страници | 63 с. |
| Илюстрации и др. | с ил. |
| Размери/Мащаб | 21 см |
| 380 ## - Жанр | |
| Жанр | Детска худож. лит. |
| 500 ## - Общи забележки | |
| Забележка | Ориг. загл. Cuentor populares / Alga Marina Elizagaray. - Авт. отбелязана на кор. - Без тир. |
| 653 ## - Ключова дума – ненормативна | |
| Ключова дума | детска литература |
| 653 ## - Ключова дума – ненормативна | |
| Ключова дума | литература за деца |
| 653 ## - Ключова дума – ненормативна | |
| Ключова дума | приказки |
| 700 1# - Други автори (авторска отговорност) | |
| Лично име | Атанасова, Стела |
| Автороска отговорност (Описва отношението между автора и произведението) | прев. от исп. |
| 9 (RLIN) | 377399 |
| 700 1# - Други автори (авторска отговорност) | |
| Лично име | Бракалова, Весела |
| Автороска отговорност (Описва отношението между автора и произведението) | худож. |
| 9 (RLIN) | 42862 |
| 852 ## - Местоположение | |
| Форматна сигнатура | Цб 262667 |
| 856 4# - Електронен адрес и достъп | |
| Електронен формат | pdf - файл |
| Инструкция (цена за достъп) | 0.28 |
| Права за достъп | disable |
| 856 4# - Електронен адрес и достъп | |
| Електронен формат | pdf - файл |
| Инструкция (цена за достъп) | 0.28 |
| Права за достъп | disable |
| 999 ## - СИСТЕМНИ КОНТРОЛНИ НОМЕРА | |
| Koha biblionumber | 145553 |
| Koha biblioitemnumber | 145553 |
| 942 ## - АРТИКУЛИ | |
| Вид на библиотечния материал | Книги |
| Скрит в OPAC | Не |
| Периодичен библиозапис | Да |
| 944 ## - СЪЗДАВАНЕ И РЕДАКЦИЯ на ЗАПИСА | |
| Създаване/Редакция | Създаване |
| Дата на регистрацията/редакция | 14.10.2013 |
| Статус, дата на статуса | 14.10.2013 - от С1,Р / 14.10.2013 |
| Служител, извършил регистрацията/редакцията | Гергана_Михайлова |
| 944 ## - СЪЗДАВАНЕ И РЕДАКЦИЯ на ЗАПИСА | |
| Създаване/Редакция | Редакция |
| Дата на регистрацията/редакция | 28.09.2017 |
| Статус, дата на статуса | 14.10.2013 - от С1,Р / 14.10.2013 |
| Служител, извършил регистрацията/редакцията | Кети_Илиева |
| 999 ## - СИСТЕМНИ КОНТРОЛНИ НОМЕРА | |
| Koha biblioitemnumber | 145553 |
| Код за отписване | Код за изгубен артикул | Източник на класификационната схема | Код за повреда | Коз за рестрикции | Код за отдаване | Артикулен № | Име на библиотеката - собственик | Име на библиотеката, в която се намира в момента | Статус (Текущо местоположение) | Дата на вписване в системата | Местоположение - отдел | Цена в лева | Инвентарен номер | Систематично азбучна сигнатура | Баркод | Номер на екземпляра | Цена в евро | Служебна бележка | Служебен тип на артикула | Бележка за публиката |
|---|---|---|---|---|---|---|---|---|---|---|---|---|---|---|---|---|---|---|---|---|
| Не е изгубен | Universal Decimal Classification | Не е повреден | без рестрикции | ползва се в читалня | 241665 | Регионална библиотека "Любен Каравелов" Русе | Регионална библиотека "Любен Каравелов" Русе | Хранилище | 1987-01-01 | Хранилище | 0.28 | 485273 | Цб 262667 | 120000485273 | 1 | 0.14 | N: стар фонд Дата: 01.01.1987 | Книги | ||
| Не е изгубен | Universal Decimal Classification | Не е повреден | без рестрикции | заемане за дома | 241666 | Регионална библиотека "Любен Каравелов" Русе | Регионална библиотека "Любен Каравелов" Русе | Детски отдел | 1987-01-01 | Детски отдел | 0.28 | 484863 | ДХ 820/899/Е 53 | 120000484863 | 2 | 0.14 | N: стар фонд Дата: 01.01.1987 Дата инв: 15.09.2015 Бележки инв: Д2015 | Книги | ||
| Изтеглен | Не е изгубен | Не е повреден | без рестрикции | заемане за дома | 241667 | Регионална библиотека "Любен Каравелов" Русе | Регионална библиотека "Любен Каравелов" Русе | 1987-01-01 | Детски отдел | 0.28 | 484865 | ДХ 820/899/Е 53 | 484865 | 3 | 0.14 | N: стар фонд Дата: 01.01.1987 Дата инв: 15.09.2015 Бележки инв: Д2015 | Книги | Отч.N: 41/2017 , Дата: 08.09.2017 | ||
| Изтеглен | Не е изгубен | Не е повреден | без рестрикции | заемане за дома | 241668 | Регионална библиотека "Любен Каравелов" Русе | Регионална библиотека "Любен Каравелов" Русе | Детски отдел | 1987-01-01 | Детски отдел | 0.28 | 633308 | ДХ 820/899/Е 53 | 633308 | 4 | 0.14 | N: стар фонд Дата: 01.01.1987 Дата инв: 15.09.2015 Бележки инв: Д2015 | Книги | ||
| Изтеглен | Не е изгубен | Не е повреден | без рестрикции | заемане за дома | 241669 | Регионална библиотека "Любен Каравелов" Русе | Регионална библиотека "Любен Каравелов" Русе | 1987-01-01 | Детски отдел | 2.00 | 665243 | ДХ 820/899/Е 53 | 665243 | 5 | 1.02 | N: стар фонд Дата: 01.01.1987 Дата инв: 15.09.2015 Бележки инв: Д2015 | Книги | Отч.N: 41/2017 , Дата: 08.09.2017 |